Datum a čas kvízu

29 Celkem bodů Celkový počet nahraných bodů na tomto kvízu bez doplňovacích otázek.
6. Pořadí na kvízu Konečné umístění týmu na tomto kvízu.

Zaznamenané odpovědi

# Otázka Odpověď Body Výsledky
1. Kriminalisté zadrželi pachatel... sádra 0
2. Pilot malého letadla Piper se... na golfovém hřišti 0
3. Jak se nazývá společnost, z je... Netflix 0
4. Kuriózní dopravní nehodu musel... C) hřbitova 0
5. UEFA minulý týden vyškrtla dva... B) dopravní značku 0
6. V tomto tématu budete mít vždy... 12. století 1
7. Bartolomeu Dias obeplouvá mys... 15. století 0
8. Narodil se Marco Polo, proběhl... 13. století 0
9. Založení Petrohradu, podepsání... 18. století 1
10. Počátek islámského letopočtu,... 7. století 0